00373nam a2200145Ia 4500008004100000041000800041082001300049100001600062245003700078250000800115260006700123300001000190365000800200999001900208231011s9999 xx 000 0 und d aeng a658.4012 aSharan S.B. aReadings in Strategic Management a1st bShroff Publishers & Distributers Navi Mumbai Navi Mumbaic2014 a155+7 b200 c908426d908426